000
00282nam a2200109Ia 4500
008
190216s9999||||xx |||||||||||||| ||und||
100
_a
Avadhani V A
245
0
_a
Investment And Securities Markets In India
260
_b
Himalaya Publishing House
_c
2003
300
_a
550p
942
_c
BK
999
_c
6304
_d
6304